Statistics for 2021-2022 Miami Heat roster

Click here to take the quiz!

General Stats

  • This quiz has been taken 94 times
  • The average score is 11 of 17

Answer Stats

Jersey # and positionPlayer% Correct
13, CBam Adebayo
100%
22, SF/SG/PFJimmy Butler
100%
14, SGTyler Herro
99%
7, PGKyle Lowry
96%
55, SGDuncan Robinson
91%
2, PGGabe Vincent
80%
31, SG/SFMax Strus
77%
16, SFCaleb Martin
74%
4, SG/SFVictor Oladipo
74%
17, PF/CP.J. Tucker
71%
40, PFUdonis Haslem
68%
77, COmer Yurtseven
55%
21, CDewayne Dedmon
54%
24, SG (ten-day)Haywood Highsmith
42%
8, PFMarkieff Morris
39%
12, PG (two-wayMychal Mulder
12%
15, PG (two-way)Javonte Smart
10%

Score Distribution

Percentile by Number Answered

Percent of People with Each Score

Your Score History

You have not taken this quiz